History Quiz

Random History or Africa Quiz

Presidents of South Africa Quiz Stats

 Plays Quiz Updated Feb 16, 2018

Challenge
Share
Tweet
Embed
Score 0/17 Timer 05:00
0 Plays Today
Term President % Correct
10 May 1994 to
16 June 1999
Nelson Rolihlahla Mandela
98.5%
9 May 2009 to
14 February 2018
Jacob Gedleyihlekisa Zuma
68%
15 August 1989 to
10 May 1994
Frederik Willem de Klerk
65.9%
9 April 1975 to
19 April 1975 (acting)
Johannes de Klerk
62%
15 February 2018 to
Present
Cyril Ramaphosa
54.2%
3 September 1984 to
5 August 1989**
Pieter Willem Botha
47.9%
16 June 1999 to
25 September 2008
Thabo Mvuyelwa Mbeki
47.5%
10 October 1978 to
4 June 1979
Balthazar Johannes Vorster
14.4%
25 September 2008 to
9 May 2009
Kgalema Motlanthe
10.8%
Term President % Correct
31 May 1961 to
1 June 1967
Charles Robberts Swart
7.8%
21 August 1978 to
10 October 1978
Marais Viljoen
7.5%
4 June 1979 to
3 September 1984
Marais Viljoen
7.5%
10 April 1968 to
9 April 1975
Jacobus Johannes Fouché
5.4%
19 April 1975 to
21 August 1978
Nicolaas Johannes Diederichs
5%
1 June 1967 to
10 April 1968 (acting)
Jozua François Naudé
4.9%
1 June 1967 to
6 December 1967*
Theophilus Ebenhaezer Dönges
4.7%
19 January 1989 to
15 March 1989 (acting)
Jan Christiaan Heunis
4.1%

You're not logged in!

Compare scores with friends on all Sporcle quizzes.
Join for Free
OR
Log In

You Might Also Like...

Show Comments

Extras

Top Quizzes Today


Score Distribution

Your Account Isn't Verified!

In order to create a playlist on Sporcle, you need to verify the email address you used during registration. Go to your Sporcle Settings to finish the process.

Report this User

Report this user for behavior that violates our Community Guidelines.

Details: